Robert Ludlum's The Moscow vector / (Record no. 233408)

000 -LEADER
fixed length control field 01613cam a2200385 a 4500
001 - CONTROL NUMBER
control field 13943913
003 - CONTROL NUMBER IDENTIFIER
control field Nust
005 - DATE AND TIME OF LATEST TRANSACTION
control field 20170307141822.0
008 - FIXED-LENGTH DATA ELEMENTS--GENERAL INFORMATION
fixed length control field 050427s2005 nyu 000 1 eng
010 ## - LIBRARY OF CONGRESS CONTROL NUMBER
LC control number 2005048378
020 ## - INTERNATIONAL STANDARD BOOK NUMBER
International Standard Book Number 9780752876894
040 ## - CATALOGING SOURCE
Original cataloging agency DLC
Transcribing agency DLC
Modifying agency DLC
043 ## - GEOGRAPHIC AREA CODE
Geographic area code e-ur---
050 00 - LIBRARY OF CONGRESS CALL NUMBER
Classification number PS3612.A65
Item number R63 2005
082 00 - DEWEY DECIMAL CLASSIFICATION NUMBER
Classification number 813.6
Author Mark LUD
100 1# - MAIN ENTRY--PERSONAL NAME
Personal name Larkin, Patrick.
245 10 - TITLE STATEMENT
Title Robert Ludlum's The Moscow vector /
Statement of responsibility, etc. written by Patrick Larkin.
246 30 - VARYING FORM OF TITLE
Title proper/short title Moscow vector
250 ## - EDITION STATEMENT
Edition statement 1st ed.
260 ## - PUBLICATION, DISTRIBUTION, ETC.
Place of publication, distribution, etc. New York :
Name of publisher, distributor, etc. St. Martin's Griffin,
Date of publication, distribution, etc. 2005.
300 ## - PHYSICAL DESCRIPTION
Extent 535 p. ;
Dimensions 24 cm.
490 1# - SERIES STATEMENT
Series statement A Covert-One novel
500 ## - GENERAL NOTE
General note "Series created by Robert Ludlum."
650 #0 - SUBJECT ADDED ENTRY--TOPICAL TERM
Topical term or geographic name entry element Bioterrorism
General subdivision Prevention
Form subdivision Fiction.
650 #0 - SUBJECT ADDED ENTRY--TOPICAL TERM
Topical term or geographic name entry element Intelligence officers
Form subdivision Fiction.
650 #0 - SUBJECT ADDED ENTRY--TOPICAL TERM
Topical term or geographic name entry element Americans
Geographic subdivision Russia
Form subdivision Fiction.
651 #0 - SUBJECT ADDED ENTRY--GEOGRAPHIC NAME
Geographic name Moscow (Russia)
Form subdivision Fiction.
655 #7 - INDEX TERM--GENRE/FORM
Genre/form data or focus term Suspense fiction.
Source of term gsafd
700 1# - ADDED ENTRY--PERSONAL NAME
Personal name Ludlum, Robert,
Dates associated with a name 1927-2001.
800 1# - SERIES ADDED ENTRY--PERSONAL NAME
Personal name Ludlum, Robert,
Dates associated with a name 1927-2001..
Title of a work Covert-One novels.
856 42 - ELECTRONIC LOCATION AND ACCESS
Materials specified Publisher description
Uniform Resource Identifier <a href="http://www.loc.gov/catdir/enhancements/fy0624/2005048378-d.html">http://www.loc.gov/catdir/enhancements/fy0624/2005048378-d.html</a>
856 42 - ELECTRONIC LOCATION AND ACCESS
Materials specified Contributor biographical information
Uniform Resource Identifier <a href="http://www.loc.gov/catdir/enhancements/fy0809/2005048378-b.html">http://www.loc.gov/catdir/enhancements/fy0809/2005048378-b.html</a>
906 ## - LOCAL DATA ELEMENT F, LDF (RLIN)
a 7
b cbc
c orignew
d 1
e ocip
f 20
g y-gencatlg
942 ## - ADDED ENTRY ELEMENTS (KOHA)
Source of classification or shelving scheme
Koha item type Book
Holdings
Withdrawn status Lost status Source of classification or shelving scheme Damaged status Not for loan Collection code Permanent Location Current Location Shelving location Date acquired Total Checkouts Full call number Barcode Date last seen Date last checked out Copy number Price effective from Koha item type
            Central Library (CL) Central Library (CL) Fiction 03/07/2017 1 813.6 LUD CL59 08/12/2021 07/07/2021 1 03/07/2017 Book
© 2023 Central Library, National University of Sciences and Technology. All Rights Reserved.